000 00266nam a22001217a 4500
003 SGT
082 _a200
_bS70C
100 _aCOELHO, V.H.
245 _aSIKKIM AND BHUTAN
260 _b INDIAN COUNCIL FOR CULTURAL RELATIONS
_c1970
300 _a138
942 _2ddc
_cBK
999 _c31914
_d31914